000 00584cam a22002054a 4500
020 _a9780826107633
020 _a082610763X
020 _a9780826107640 (ebook)
020 _a0826107648 (ebook)
040 _cDLC
082 0 0 _a610 SPR 2012 A083 Or.
245 0 0 _aAccelerated education in nursing :
_bchallenges, strategies, and future directions /
260 _aNew York :
_bSpringer Pub. Co.,
_cc2012.
300 _axviii, 250 p. :
_bill. ;
_c23 cm.
650 0 _aNursing
650 1 2 _aEducation, Nursing.
700 1 _aZhan, Lin.
700 1 _aFinch, Linda P.
942 _cEK
999 _c16068
_d16068